Statistics for Which city is further East?

Click here to take the quiz!

General Stats

  • This quiz has been taken 34 times
  • The average score is 12 of 20

Answer Stats

QuestionAnswer% Correct
Choose the correct answerBogotá
90%
Choose the correct answerBucharest
80%
Choose the correct answerCairo
77%
Choose the correct answerTaipei City
77%
Choose the correct answerSão Paulo
73%
Choose the correct answerMadrid
73%
Choose the correct answerManila
73%
Choose the correct answerBerlin
70%
Choose the correct answerChicago
67%
Choose the correct answerNew Orleans
67%
Choose the correct answerBeijing
67%
Choose the correct answerBrisbane
63%
Choose the correct answerSapporo
60%
Choose the correct answerCasablanca
60%
Choose the correct answerSan Antonio
53%
Choose the correct answerHo Chi Minh City
47%
Choose the correct answerSeattle
40%
Choose the correct answerPhoenix
40%
Choose the correct answerLima
33%
Choose the correct answerRiyadh
27%

Score Distribution

Percentile by Number Answered

Percent of People with Each Score

Your Score History

You have not taken this quiz